Guess the 1970s song lyrics #162 - Statistics

General Stats
  • This quiz has been taken 17 times
    3 since last reset
  • The average score is 193 of 210
Answer Stats
Answer % Correct
a
100%
ain't
100%
And
100%
any
100%
been
100%
But
100%
but
100%
can't
100%
Cause
100%
could
100%
day
100%
Don't
100%
going
100%
happen
100%
Has
100%
has
100%
have
100%
How
100%
how
100%
I
100%
in
100%
It
100%
it's
100%
long
100%
my
100%
no
100%
Oh
100%
on
100%
pretending
100%
their
100%
there
100%
this
100%
To
100%
to
100%
up
100%
us
100%
use
100%
Well
100%
with
100%
you
100%
your
100%
admit
67%
as
67%
break
67%
dumb
67%
fancy
67%
friends
67%
help
67%
of
67%
our
67%
part
67%
persuasion
67%
quite
67%
said
67%
scheme
67%
seem
67%
suspicion
67%
that
67%
was
67%
way
67%
intending
33%
never
33%
scene
33%
No matching quizzes found
Score Distribution
Percent of People with Each Score
Percentile by Number Answered
Your Score History
You have not taken this quiz since the last reset